Президентская программа повышения квалификации инженерных кадров "Измерение, контроль и автоматизация в сфере поставки электроэнергии потребителю"; Уровневая подготовка специалистов: государственные и международные стандарты инженерного образования

Detalles Bibliográficos
Parent link:Уровневая подготовка специалистов: государственные и международные стандарты инженерного образования.— 2013.— [С. 328-329]
Autor Principal: Миляев Д. В. Дмитрий Васильевич
Autor Corporativo: Национальный исследовательский Томский политехнический университет (ТПУ) Институт неразрушающего контроля (ИНК) Кафедра информационно-измерительной техники (ИИТ)
Outros autores: Степанов А. Б. Александр Борисович
Summary:Заглавие с экрана
Сообщаются результаты проведения курсов повышения квалификации в рамках Президентской программы. Программа "Измерение, контроль и автоматизация в сфере поставки электроэнергии потребителю" обеспечивает повышение квалификации инженерно-технических сотрудников ООО "Горсети" (г. Томск
Idioma:ruso
Publicado: 2013
Series:Подготовка студентов к комплексной профессиональной деятельности: роль практик, НИРС, УИРС
Subjects:
Acceso en liña:http://www.lib.tpu.ru/fulltext/c/2013/C09/187.pdf
Formato: Electrónico Capítulo de libro
KOHA link:https://koha.lib.tpu.ru/cgi-bin/koha/opac-detail.pl?biblionumber=244185

MARC

LEADER 00000naa2a2200000 4500
001 244185
005 20251222164203.0
035 |a (RuTPU)RU\TPU\book\265567 
035 |a RU\TPU\book\265546 
090 |a 244185 
100 |a 20131017d2013 k y0rusy50 ca 
101 0 |a rus 
102 |a RU 
135 |a arnn ---uucaa 
181 0 |a i  
182 0 |a b 
200 1 |a Президентская программа повышения квалификации инженерных кадров "Измерение, контроль и автоматизация в сфере поставки электроэнергии потребителю"  |f Д. В. Миляев, А. Б. Степанов 
203 |a Текст  |c электронный 
225 1 |a Подготовка студентов к комплексной профессиональной деятельности: роль практик, НИРС, УИРС 
300 |a Заглавие с экрана 
320 |a [Библиогр.: с. 329 (2 назв.)] 
330 |a Сообщаются результаты проведения курсов повышения квалификации в рамках Президентской программы. Программа "Измерение, контроль и автоматизация в сфере поставки электроэнергии потребителю" обеспечивает повышение квалификации инженерно-технических сотрудников ООО "Горсети" (г. Томск 
337 |a Adobe Reader 
463 1 |0 (RuTPU)RU\TPU\book\262130  |t Уровневая подготовка специалистов: государственные и международные стандарты инженерного образования  |o сборник трудов научно-методической конференции, 26-30 марта 2013 г., Томск  |f Национальный исследовательский Томский политехнический университет (ТПУ) ; ред. кол. А. И. Чучалин [и др.]  |v [С. 328-329]  |d 2013 
610 1 |a труды учёных ТПУ 
610 1 |a электронный ресурс 
610 1 |a президентские программы 
610 1 |a квалификация 
610 1 |a инженерные кадры 
610 1 |a измерение 
610 1 |a контроль 
610 1 |a автоматизация 
610 1 |a поставки 
610 1 |a электроэнергия 
610 1 |a Томск 
610 1 |a повышение 
700 1 |a Миляев  |b Д. В.  |c российский учёный в области информационно-измерительной техники  |c доцент Томского политехнического университета, кандидат технических наук  |f 1940-  |g Дмитрий Васильевич  |3 (RuTPU)RU\TPU\pers\26529 
701 1 |a Степанов  |b А. Б.  |c специалист в области контрольно-измерительной техники  |c старший преподаватель Томского политехнического университета  |f 1966-  |g Александр Борисович  |3 (RuTPU)RU\TPU\pers\29923  |9 14395 
712 0 2 |a Национальный исследовательский Томский политехнический университет (ТПУ)  |b Институт неразрушающего контроля (ИНК)  |b Кафедра информационно-измерительной техники (ИИТ)  |3 (RuTPU)RU\TPU\col\18718 
801 2 |a RU  |b 63413507  |c 20170118  |g RCR 
856 4 |u http://www.lib.tpu.ru/fulltext/c/2013/C09/187.pdf 
942 |c CF